000234405 001__ 234405
000234405 005__ 20221001000454.0
000234405 0247_ $$2EXP:(Ds200)$$aEXP:(DE-Ds200)P176-20200803
000234405 035__ $$aEXP:(DE-Ds200)P176-20200803
000234405 150__ $$aP176: Interaction of relativistic laser pulses with near critical plasma for optimisation of the (POF3-6211; PTA)
000234405 371__ $$aAndreev
000234405 450__ $$0EXP:(DE-Ds200)PTA-20200803$$aPTA$$wt
000234405 450__ $$aP176$$wd
000234405 750_7 $$0V:(DE-HGF)12$$2V:(DE-HGF)$$aExperiment
000234405 751_7 $$2DE-HGF$$aIGN_4_I:(DE-H253)HAS-User-20120731 [DESY]
000234405 751_7 $$2DE-HGF$$aIGN_4_DESY [DESY]
000234405 751_7 $$2DE-HGF$$aIGN_4_DKFZ [DKFZ]
000234405 751_7 $$2DE-HGF$$aIGN_4_IMPULSE
000234405 751_7 $$2DE-HGF$$aIGN_4_DZNE [DZNE]
000234405 909CO $$ooai:repository.gsi.de:234405$$pauthority:Experiment$$pauthority
000234405 980__ $$aEXPERIMENT
000234405 980__ $$aAUTHORITY